| 000 | 00872nam a22002655a 4500 | ||
|---|---|---|---|
| 005 | 20161109113837.0 | ||
| 008 | 161027r20072005enka frb 001 0 eng d | ||
| 020 | _a0470013168 | ||
| 020 | _a9780470013168 | ||
| 040 |
_aEG-ScBUE _beng _cEG-ScBUE _dEG-ScBUE |
||
| 082 | 0 | 4 |
_222 _a657.458 _bPIC |
| 100 | 1 | _aPickett, K. H. Spencer. | |
| 245 | 1 | 4 |
_aThe essential handbook of internal auditing / _cK. H. Spencer Pickett. |
| 250 | _aReprint ed. | ||
| 260 |
_aChichester : _bJohn Wiley & Sons, _c2007. |
||
| 300 |
_axii, 286 p. : _bill. ; _c25 cm. |
||
| 500 | _aIndex : p. 281-286. | ||
| 500 | _aReprinted of 2005 ed. | ||
| 504 | _aIncludes bibliographical references. | ||
| 590 | _aSuzan Ashmawy and revised by Raham Essa. | ||
| 650 | 7 |
_2BUEsh _aAuditing, Internal _xInternal. _940828 |
|
| 651 | _2BUEsh | ||
| 653 |
_bBUSECO _cOctober2016 _cNovember2016 |
||
| 942 | _2ddc | ||
| 999 |
_c22873 _d22845 |
||